LEADER 00947nam2-2200313---450- 001 990009627900403321 005 20130213153230.0 035 $a000962790 035 $aFED01000962790 035 $a(Aleph)000962790FED01 035 $a000962790 100 $a20121005d1967----km-y0itay50------ba 101 0 $aita 102 $aIT 105 $aa-------001yy 200 1 $a<<1.: >>Grecia e Mediterraneo$ei tesori dell'arte antica$ftesti di: Cresti ... [et al.] 210 $aFirenze$cSadea$cSansoni$d1967 215 $a1 v.$cin gran parte ill.$d35 cm 307 $aPaginazione varia 461 0$1001000962788$12001$a<>mondo delle forme : antologia universale dell'arte$v01 610 0 $aArte antica 702 1$aCresti,$bCarlo 801 0$aIT$bUNINA$gRICA$2UNIMARC 901 $aBK 912 $a990009627900403321 952 $aART.FI C 277/1$b7427$fFARBC 959 $aFARBC 996 $aGrecia e Mediterraneo$9848912 997 $aUNINA LEADER 01172nam--2200349---450- 001 990002290860203316 005 20100111125122.0 035 $a000229086 035 $aUSA01000229086 035 $a(ALEPH)000229086USA01 035 $a000229086 100 $a20041221d1975----km-y0itay0103----ba 101 $aita 102 $aIT 105 $a||||||||001yy 200 1 $a<> vincoli imposti dai programmi di fabbricazione nella legislazione statale e regionale$fAlberto Predieri 210 $aMilano$cGiuffrè$d1975 215 $aVIII, 112 p.$d23 cm 225 2 $aTerritorio e casa$iInterventi$v1 410 0$12001$aTerritorio e casa$iInterventi$v1 454 1$12001 461 1$1001-------$12001 700 1$aPREDIERI,$bAlberto$011646 801 0$aIT$bsalbc$gISBD 912 $a990002290860203316 951 $aXXIV.3. Coll. 16/ 12 (Coll. AYU 1)$b44626 G.$cXXIV.3. Coll. 16/ 12 (Coll. AYU)$d00263946 959 $aBK 969 $aGIU 979 $aSIAV7$b10$c20041221$lUSA01$h1448 979 $aRSIAV3$b90$c20100111$lUSA01$h1251 996 $aVincoli imposti dai programmi di fabbricazione nella legislazione statale e regionale$9737879 997 $aUNISA